Foundations of the prediction process / (Record no. 69820)
[ view plain ]
| 000 -LEADER | |
|---|---|
| fixed length control field | 01087nam a2200289 a 4500 |
| 001 - CONTROL NUMBER | |
| control field | 69820 |
| 003 - CONTROL NUMBER IDENTIFIER | |
| rucl marc code | BD-RjUL |
| 005 - DATE AND TIME OF LATEST TRANSACTION | |
| control field | 20211209081929.0 |
| 008 - FIXED-LENGTH DATA ELEMENTS--GENERAL INFORMATION | |
| fixed length control field | 170413s1992 enk b 001 0 eng |
| 020 ## - INTERNATIONAL STANDARD BOOK NUMBER | |
| International Standard Book Number | 0198535937 |
| Terms of availability | : $79.00 |
| 035 ## - SYSTEM CONTROL NUMBER | |
| System control number | (BD-RjUL)70032 |
| 040 ## - CATALOGING SOURCE | |
| Original cataloging agency | DLC |
| Transcribing agency | DLC |
| Modifying agency | BD-RjUL |
| Language of cataloging | eng |
| 041 ## - LANGUAGE CODE | |
| Language code of text/sound track or separate title | eng |
| 082 00 - DEWEY DECIMAL CLASSIFICATION NUMBER | |
| Classification number | 519.2 |
| Edition number | 23 |
| Author mark and year | KNF 1992 |
| 100 1# - MAIN ENTRY--PERSONAL NAME | |
| Personal name | Knight, Frank B., |
| Dates associated with a name | 1933- |
| 9 (RLIN) | 206795 |
| 245 10 - TITLE STATEMENT | |
| Title | Foundations of the prediction process / |
| Statement of responsibility, etc. | by Frank B. Knight. |
| 260 ## - PUBLICATION, DISTRIBUTION, ETC. (IMPRINT) | |
| Place of publication, distribution, etc. | Oxford : |
| Name of publisher, distributor, etc. | Clarendon Press ; |
| Place of publication, distribution, etc. | New York : |
| Name of publisher, distributor, etc. | Oxford University Press, |
| Date of publication, distribution, etc. | c1992. |
| 300 ## - PHYSICAL DESCRIPTION | |
| Pagination | xii, 248 p. ; |
| Size | 24 cm. |
| 504 ## - BIBLIOGRAPHY, ETC. NOTE | |
| Bibliography, etc | Includes bibliographical references (p. [244]-246) and index. |
| 650 #0 - SUBJECT ADDED ENTRY--TOPICAL TERM | |
| Topical term or geographic name as entry element | Stochastic processes. |
| 9 (RLIN) | 117665 |
| 856 42 - ELECTRONIC LOCATION AND ACCESS | |
| Materials specified | Publisher description |
| Uniform Resource Identifier | <a href="http://www.loc.gov/catdir/enhancements/fy0639/91020603-d.html">http://www.loc.gov/catdir/enhancements/fy0639/91020603-d.html</a> |
| Materials specified | Table of contents only |
| Uniform Resource Identifier | <a href="http://www.loc.gov/catdir/enhancements/fy0639/91020603-t.html">http://www.loc.gov/catdir/enhancements/fy0639/91020603-t.html</a> |
| 942 ## - ADDED ENTRY ELEMENTS (KOHA) | |
| Source of classification or shelving scheme | Dewey Decimal Classification |
| Koha item type | Books |
| Lost status | Source of classification or shelving scheme | Damaged status | Not for loan | Collection code | Permanent Location | Current Location | Shelving location | Date acquired | Source of acquisition | Cost, normal purchase price | Total Checkouts | Full call number | Date last seen | Copy number | Koha item type |
|---|---|---|---|---|---|---|---|---|---|---|---|---|---|---|---|
| Dewey Decimal Classification | Not For Loan | Non-fiction | Central Library, University of Rajshahi | Central Library, University of Rajshahi | Reading Room | 24/08/1994 | Aligorh Library, | 40.00 | 519.2 KNF 1992 | 13/04/2017 | C-1 | Books | |||
| Dewey Decimal Classification | Non-fiction | Central Library, University of Rajshahi | Central Library, University of Rajshahi | 14/08/1994 | Aligorh Library, | 40.00 | 519.2 KNF 1992 | 13/04/2017 | C-2 | Books |